Teach Yourself Gardening / (Record no. 3431)
[ view plain ]
| 000 -LEADER | |
|---|---|
| fixed length control field | 00863nac a22002171u 4500 |
| 008 - FIXED-LENGTH DATA ELEMENTS--GENERAL INFORMATION | |
| fixed length control field | 100915t xxu||||| |||| 00| 0 eng d |
| 010 ## - LIBRARY OF CONGRESS CONTROL NUMBER | |
| LC control number | 46021408 |
| 082 ## - DEWEY DECIMAL CLASSIFICATION NUMBER | |
| Classification number | 635 |
| Item number | SUD |
| 100 ## - MAIN ENTRY--PERSONAL NAME | |
| Personal name | Sudell, Richard. [ |
| 9 (RLIN) | 19313 |
| 245 10 - TITLE STATEMENT | |
| Title | Teach Yourself Gardening / |
| Statement of responsibility, etc | By Richard Sudell. |
| 260 ## - PUBLICATION, DISTRIBUTION, ETC. (IMPRINT) | |
| Place of publication, distribution, etc | London: |
| Name of publisher, distributor, etc | Richard Clay and Co. for the English universities press, |
| Date of publication, distribution, etc | [1946] |
| 300 ## - PHYSICAL DESCRIPTION | |
| Extent | viii, 224 p. |
| Other physical details | ill., plates, diagrs. ; |
| Dimensions | 18 cm. |
| 490 ## - Series Statement | |
| Series statement | Teach Yourself Series |
| -- | 19314 |
| 500 ## - GENERAL NOTE | |
| General note | Donations. |
| 500 ## - GENERAL NOTE | |
| General note | Donations - Bibliotheca Alexandrina. |
| 504 ## - BIBLIOGRAPHY, ETC. NOTE | |
| Bibliography, etc | Includes Index. |
| 650 #0 - SUBJECT ADDED ENTRY--TOPICAL TERM | |
| Topical term or geographic name as entry element | Vegetable gardening |
| Geographic subdivision | Great Britain. |
| 9 (RLIN) | 19315 |
| 650 #0 - SUBJECT ADDED ENTRY--TOPICAL TERM | |
| Topical term or geographic name as entry element | Gardening |
| Geographic subdivision | Great Britain. |
| 9 (RLIN) | 19316 |
| 942 ## - ADDED ENTRY ELEMENTS (KOHA) | |
| Item type | Book - Borrowing |
| Call number prefix | 635SUD |
| Source of classification or shelving scheme | Dewey Decimal Classification |
| Withdrawn status | Item status | Source of classification or shelving scheme | Damaged status | Not for loan | Vendor | Home library | Current library | Shelving location | Date acquired | Source of acquisition | Total Checkouts | Total Renewals | Full call number | Barcode | Date last seen | Date last borrowed | Koha item type |
|---|---|---|---|---|---|---|---|---|---|---|---|---|---|---|---|---|---|
| Dewey Decimal Classification | Central Library | Central Library | First floor | 07/04/2011 | 1 | 12 | 635 SUD | 000030439 | 15/07/2025 | 07/06/2014 | Book - Borrowing |